Origine des fleuves en Europe - Statistiques

Statistiques générales
  • Ce quiz a été pris 38 fois
  • Le résultat moyen est 9 sur 15
Statistiques - réponses
Fleuves Pays % Correct
Tamise Royaume-Uni
94%
Meuse France
91%
Rhône Suisse
88%
Italie
84%
Volga Russie
84%
Rhin Suisse
84%
Dniepr Russie
75%
Danube Allemagne
69%
Tage Espagne
63%
Vistule Pologne
59%
Elbe Tchéquie
28%
Glomma Norvège
13%
Mondego Portugal
13%
Tisza Ukraine
9%
Torne Suède
3%
Aucun quiz correspondant
Distribution des résultats
% des personnes avec chaque résultat
Percentile par nombre de réponses
Votre historique - résultats
Vous n’avez pas pris ce quiz